00892 a2200217 4500999001500000010001400015020002900029035001300058037001500071082001100086245012200097260005400219260005700273270004900330270004600379300003200425500005000457700002500507942003000532952011200562 c8328d8328 aENG-88408 a8190402951 (v.1)c325.00 aEN-71941 bDBAD / PUB14a181.451 aTattvabodha:cedited by Sudha Gopalakrishnanbessays from the lecture series of the national mission for manuscripts/ aNew DelhibNational Mission for Manuscriptsc2006 aNew DehlibMunishiram Manoharlal Publishers (Co-pub) a5, Rajendra Prasad Road,bNew Dehlie110 001 a54, Rani Jhansi Road,bNew Dehlie110 055 av.1 (xii, 164p.)c22cm (Hb) aIncludes bibliographical references and index aSudha Gopalakrishnan adplcEN2ddch181.45mTAT 001040718NFICaDBADbDBADeDBAD/PUBg325.00l0o181.45 TATpEN-71941r2008-09-15 00:00:00t1v325.00yEN